| 000 | 00771nam a22002297a 4500 | ||
|---|---|---|---|
| 999 |
_c19704 _d19704 |
||
| 003 | AR-CdUCM | ||
| 008 | 190520b ||||| |||| 00| 0 spa d | ||
| 020 | _a950-49-0247-2 | ||
| 040 |
_aMUNICIPALIDAD PROVINCIAL DEL CUSCO _cBIBLIOTECA MUNICIPAL DEL CUSCO |
||
| 082 |
_22ed _a869.26 / _bS12 |
||
| 100 |
_aSábato, Ernesto _931269 |
||
| 245 | _aCuentos que me apasionaron / | ||
| 260 |
_aArgentina : _bPlaneta, _c1999. |
||
| 300 |
_a324 páginas ; _c22 cm. |
||
| 505 | _aContenido: Ante la ley -- El capote -- La muerte del delfín -- El potro salvaje... | ||
| 650 |
_aLiteratura _9416 |
||
| 650 |
_aArgentina _9511 |
||
| 650 |
_aCuentos _9217 |
||
| 700 |
_aGonzáles Fraga, Elvira (selección y prologo) _941208 |
||
| 942 |
_2ddc _cLIBROS |
||
| 945 |
_adavv _d2019-05-20 |
||